000 00626nam a2200253Ia 4500
003 OSt
005 20221007103637.0
006 a|||||r|||| 00| 0
007 ta
008 221006b |||||||| |||| 00| 0 eng d
024 _a13,659
037 _cTextual
040 _aLCO
_cLCO
_beng
041 _2eng
_aeng
082 _aZ2,94, L4
100 _aCross Sir Rupert
_9705396
245 0 _aEvidence
250 _a4th
260 _aLondon
_bButterworths UK
_c1974
300 _a590
650 _aLAW OF EVIDENCE
_9681676
942 _hZ2,94, L4
_cTEXL
999 _c1183222
_d1183222